Top 100 Baby Girl Names in 2017 - Ireland - Statistics

General Stats
  • This quiz has been taken 445 times
  • The average score is 55 of 100
Answer Stats
Rank Hint Answer % Correct
2 E Emma
95%
1 E Emily
94%
11 O Olivia
88%
12 A Anna
86%
91 H Hanna
86%
7 H Hannah
86%
50 E Eabha
84%
4 G Grace
84%
19 S Sarah
84%
9 A Ava
83%
14 E Ella
82%
97 L Lilly
81%
13 L Lily
81%
5 S Sophie
81%
8 M Mia
80%
43 S Sofia
80%
18 S Sophia
80%
3 A Amelia
79%
63 E Emilia
79%
64 L Laura
78%
93 M Mary
78%
10 C Chloe
77%
39 E Eva
76%
42 C Charlotte
74%
59 E Eve
74%
31 Z Zoe
74%
60 E Elizabeth
73%
48 I Isabella
73%
6 L Lucy
72%
35 A Alice
70%
20 E Ellie
69%
28 K Katie
69%
88 R Rachel
69%
55 M Maria
68%
66 R Rose
67%
40 I Isla
66%
36 L Lauren
66%
65 R Rebecca
66%
44 A Amy
65%
16 K Kate
63%
53 Z Zara
63%
38 J Jessica
62%
62 A Abigail
61%
26 I Isabelle
60%
47 N Niamh
59%
46 J Julia
58%
32 M Molly
58%
96 E Evelyn
57%
30 L Leah
57%
90 V Victoria
56%
27 H Holly
55%
33 R Ruby
55%
73 C Clara
54%
58 E Erin
54%
29 F Freya
54%
74 A Annie
53%
79 E Ellen
53%
45 L Layla
52%
72 M Maya
52%
94 R Rosie
52%
78 W Willow
52%
24 E Evie
51%
17 A Aoife
49%
81 A Aria
49%
75 A Amber
45%
56 H Harper
45%
98 M Madison
45%
41 C Ciara
44%
80 G Georgia
44%
70 K Kayla
43%
15 S Saoirse
43%
52 S Sienna
43%
87 M Megan
42%
54 M Millie
42%
95 D Daisy
41%
34 C Cara
40%
37 R Roisin
36%
23 C Caoimhe
35%
83 H Heidi
33%
92 L Lara
33%
76 M Meabh
33%
77 A Abbie
32%
86 A Aisling
31%
85 L Lena
30%
22 S Sadie
30%
57 A Alannah
29%
84 H Hazel
27%
69 M Maisie
27%
100 E Esme
26%
25 R Robyn
25%
82 A Aine
24%
51 F Faye
23%
21 F Fiadh
23%
68 A Aoibhin
19%
67 A Aoibheann
18%
71 A Aoibhinn
18%
49 C Clodagh
18%
61 S Sadhbh
13%
89 P Pippa
12%
99 A Ailbhe
8%
No matching quizzes found
Score Distribution
Percent of People with Each Score
Percentile by Number Answered
Your Score History
You have not taken this quiz